000 00464nam a2200169 i 4500
001 26222
003 ES-MaACL
005 20230906153415.0
007 t|
008 030108s1920 ag ||||1| spa d
245 0 0 _aAlsacia-Lorena, ¿alemana o francesa?.
250 _a5ª ed.
260 _aBuenos Aires :
_bEmp. Ed. "Germania",
_c1920.
300 _a76 p. ;
_c20 cm.
505 8 _aCon la segunda parte, bajo la bandera tricolor
852 _aES-MaACL
_j1605-F-16
999 _c26222
_d26222